000 00602nam a2200229Ia 4500
003 OSt
005 20221007074245.0
006 a|||||r|||| 00| 0
007 ta
008 221006b |||||||| |||| 00| 0 eng d
024 _a18,136
037 _cTextual
040 _aFLL
_cFLL
_beng
041 _2eng
_aeng
082 _aZjM81, L1
100 _aEhrenzweig Albert A.
245 0 _aEssays in honor of hans kelsen
260 _aN.J.
_bFred B. Rothman & Co. N.J.
_c1971
300 _a858p
_ccm.
942 _hZjM81, L1
_cTEXL
_2CC
999 _c1151714
_d1151714